[Event "Ch World (juniors) (under 18)"]
[Site "masterchessopen.com Vung Tau (Vietnam)"]
[Date "2008.10.26"]
[Round "7"]
[White "Schon Eugene (AUS)"]
[Black "Ton That Nhu Tung (VIE)"]
[Result "0-1"]
[WhiteElo "2066"]
[BlackElo "2225"]

1.e4 c5 2.Nf3 Nc6 3.d4 cxd4 4.Nxd4 Nf6 5.Nc3 d6 6.Bg5 Bd7 7.Qd2 Rc8 8.f4 Qa5
9.Nb3 Qb4 10.Bd3 h6 11.Bh4 Na5 12.Nxa5 Qxa5 13.O-O-O g5 14.fxg5 hxg5 15.Bf2
Ng4 16.Bd4 e5 17.Bg1 d5 18.Nxd5 Qxa2 19.c3 Rh6 20.Bb5 Bxb5 21.Nc7+ Ke7 22.Bc5+
Kf6 23.Bxf8 Rxf8 24.h3 Ba4 25.Nd5+ Kg7 26.Qxg5+ Rg6 27.Qf5 Qa1+ 28.Kd2 Qxb2+
29.Ke1 Bxd1 {#R} 0-1

[Event "Ch World (juniors) (under 16)"]
[Site "masterchessopen.com Vung Tau (Vietnam)"]
[Date "2008.10.28"]
[Round "9"]
[White "Lovik Lasse Ostebo (NOR)"]
[Black "Kanarek Marcel (POL)"]
[Result "0-1"]
[WhiteElo "2167"]
[BlackElo "2458"]

1.e4 c5 2.Nf3 d6 3.d4 cxd4 4.Nxd4 Nf6 5.Nc3 Nc6 6.Bg5 Bd7 7.Qd2 Rc8 8.f3 e6
9.Nxc6 Bxc6 10.Ne2 h6 11.Be3 e5 12.c4 Be7 13.Nc3 O-O 14.Bd3 Ne8 15.Nd5 Bxd5
16.cxd5 Bg5 17.Bxg5 hxg5 18.O-O Qb6+ 19.Qf2 Qb4 20.Rac1 Nf6 21.g4 Nd7 22.Kg2
Nc5 23.a3 Qa4 24.Bc2 Qb5 25.b4 Nd7 26.Qd2 f6 27.a4 Qc4 28.a5 Qa2 29.Qf2 Qa3
30.Qd2 Rc3 31.Ra1 Qxb4 32.Ba4 Nc5 33.Rfc1 Rb3 34.Qxb4 Rxb4 35.Bd1 b6 36.a6 Rb8
37.Be2 Rb2 38.Kf1 Nb3 {#R} 0-1

[Event "Cup Russia (regions)"]
[Site "masterchessopen.com Belgorod (Russia)"]
[Date "2008.11.22"]
[Round "2"]
[White "Kabanov Nikolai (RUS)"]
[Black "Chernyshov Konstantin (RUS)"]
[Result "1-0"]
[WhiteElo "2483"]
[BlackElo "2569"]

1.e4 c5 2.Nf3 Nc6 3.d4 cxd4 4.Nxd4 Nf6 5.Nc3 d6 6.Bg5 Bd7 7.Qd2 Rc8 8.f4 Nxd4
9.Qxd4 Qa5 10.e5 Ng4 11.exd6 f6 12.O-O-O e5 13.fxe5 Rxc3 14.Bd2 Qxa2 15.Bxc3
fxe5 16.Qc5 b6 17.Qb4 Ne3 18.Bb5 Nxd1 19.Bxd7+ Kxd7 20.Qb5+ Kd8 21.Qc6 Qe6
22.Rxd1 Qc8 23.Qe4 {#r} 1-0

[Event "Ch Spain \"]
[Site "masterchessopen.com Bilbao (Spain)"]
[Date "2008.11.22"]
[Round "7"]
[White "Aguilar Sevilla Diego (ESP)"]
[Black "Palacios Perez Manuel (ESP)"]
[Result "0-1"]
[WhiteElo "2149"]
[BlackElo "2195"]

1.e4 c5 2.Nf3 d6 3.d4 cxd4 4.Nxd4 Nf6 5.Nc3 Nc6 6.Bg5 Bd7 7.Qd2 Rc8 8.O-O-O
Nxd4 9.Qxd4 Qa5 10.f4 Qc5 11.e5 Qxd4 12.Rxd4 dxe5 13.fxe5 Ng4 14.e6 Bxe6
15.Bb5+ Rc6 16.Rhd1 f6 17.Bxc6+ bxc6 18.Bf4 Kf7 19.h3 g5 20.Bb8 Ne3 21.R1d2
Bh6 22.Rd8 Rxd8 23.Rxd8 Nxg2 24.Kb1 a6 25.Rd3 Bf5 26.Rf3 Bxc2+ 27.Ka1 Nf4
28.h4 e5 {#R} 0-1

[Event "Olympiad"]
[Site "masterchessopen.com Dresden (Germany)"]
[Date "2008.11.22"]
[Round "9"]
[White "Djuraev Sokhib (TJK)"]
[Black "Uribe Mauricio (COL)"]
[Result "1-0"]
[WhiteElo "2339"]
[BlackElo "2414"]

1.e4 c5 2.Nf3 Nc6 3.d4 cxd4 4.Nxd4 Nf6 5.Nc3 d6 6.Bg5 Bd7 7.Qd2 Rc8 8.Be2 Nxd4
9.Qxd4 Qa5 10.f4 e6 11.O-O-O Be7 12.Bxf6 gxf6 13.Kb1 a6 14.Rhe1 Qc5 15.Qd2 Rc7
16.Bf3 O-O 17.Re3 Kh8 18.Be2 Rg8 19.Bd3 Rg7 20.Rh3 b5 21.Rf1 b4 22.Nd1 a5
23.Rff3 f5 24.exf5 exf5 25.Rh6 Be6 26.Rfh3 a4 27.Qe2 b3 28.axb3 axb3 29.c3 Bc4
30.Qh5 Bxd3+ 31.Kc1 Bh4 32.Qxh4 f6 33.Qxf6 Kg8 34.Qd8+ Kf7 35.Rf6# 1-0

[Event "It \"]
[Site "masterchessopen.com Rijeka (Croatia)"]
[Date "2008.11.30"]
[Round "3"]
[White "Stojanovski Dejan (MKD)"]
[Black "Solic Kristina (CRO)"]
[Result "1-0"]
[WhiteElo "2429"]
[BlackElo "2167"]

1.e4 c5 2.Nf3 d6 3.d4 cxd4 4.Nxd4 Nf6 5.Nc3 Nc6 6.Bg5 Bd7 7.Qd2 Rc8 8.Nb3 a6
9.Be2 e6 10.O-O Be7 11.f4 b5 12.a3 h6 13.Bxf6 gxf6 14.Bh5 Qb6+ 15.Kh1 a5 16.f5
a4 17.fxe6 Bxe6 18.Nd5 Bxd5 19.exd5 axb3 20.dxc6 Qxc6 21.cxb3 Rg8 22.Rac1 Qb7
23.Rxc8+ Qxc8 24.Qd5 Rg5 25.Qxf7+ Kd8 26.Qe8+ {#r} 1-0

[Event "It (open)"]
[Site "masterchessopen.com Palma de Majorca (Spain)"]
[Date "2008.12.11"]
[Round "6"]
[White "Diez Fraile Mariano (ESP)"]
[Black "Mascaro March Pedro (ESP)"]
[Result "1-0"]
[WhiteElo "2131"]
[BlackElo "2354"]

1.e4 c5 2.Nf3 d6 3.d4 cxd4 4.Nxd4 Nf6 5.Nc3 Nc6 6.Bg5 Bd7 7.Qd2 Rc8 8.O-O-O
Nxd4 9.Qxd4 Qa5 10.Nd5 Qxa2 11.Bd3 e5 12.Qb4 Nxd5 13.exd5 Be7 14.Bxe7 Kxe7
15.f4 Qa4 16.Qe1 Qxf4+ 17.Kb1 f6 18.g3 Qa4 19.Rf1 a5 20.Rf4 Qb4 21.Rxb4 axb4
22.Qxb4 b5 23.Bxb5 Rb8 24.c4 Rhc8 25.Qa5 Bf5+ 26.Kc1 Ra8 27.Qb6 Rab8 28.Qa5
Kf8 29.Kd2 Ra8 30.Qb6 Ke7 31.Re1 Rd8 32.Re3 Rab8 33.Qc7+ Kf8 34.Ra3 Rbc8
35.Qa7 Kg8 36.Ra6 h6 37.Qe7 {#r} 1-0

[Event "Ch City"]
[Site "masterchessopen.com Belgrade (Serbia)"]
[Date "2009.01.25"]
[Round "2"]
[White "Cosic Nebojsa (SRB)"]
[Black "Ivanovic Nikola (SRB)"]
[Result "0-1"]
[WhiteElo "1863"]
[BlackElo "2229"]

1.e4 c5 2.Nf3 Nc6 3.d4 cxd4 4.Nxd4 Nf6 5.Nc3 d6 6.Bg5 Bd7 7.Qd2 Rc8 8.O-O-O
Nxd4 9.Qxd4 Qa5 10.Be3 a6 11.Qa7 Qc7 12.Bb6 Qb8 13.Qxb8 Rxb8 14.Nd5 Nxd5
15.exd5 g6 16.Bd4 Bh6+ 17.Kb1 O-O 18.Re1 Rfe8 19.Bc4 b5 20.Bd3 Bg7 21.Be3 a5
22.h4 b4 23.h5 Bb5 24.Be4 a4 25.hxg6 hxg6 26.Bh6 Bd4 27.Be3 Bf6 28.g4 Rec8
29.g5 Bg7 30.f4 Bd7 31.Rh2 b3 32.cxb3 axb3 33.a3 Rc2 34.Rxc2 bxc2+ 35.Bxc2
Rxb2+ 36.Kc1 Ra2 37.Bb6 Bc3 38.Rxe7 Ra1+ 39.Bb1 Bf5 40.Re8+ Kh7 {#R} 0-1

[Event "Ch Czech Republic (juniors)"]
[Site "masterchessopen.com Decin (Czech Republic)"]
[Date "2009.02.16"]
[Round "7"]
[White "Vlasak Lukas (CZE)"]
[Black "Ponizil Cyril (CZE)"]
[Result "0-1"]
[WhiteElo "2177"]
[BlackElo "2314"]

1.e4 c5 2.Nf3 d6 3.d4 cxd4 4.Nxd4 Nf6 5.Nc3 Nc6 6.Bg5 Bd7 7.Qd2 Rc8 8.Bxf6
gxf6 9.O-O-O Nxd4 10.Qxd4 Qa5 11.Kb1 Rg8 12.f4 f5 13.e5 e6 14.Bd3 dxe5 15.fxe5
Bc6 16.Qh4 h6 17.Bxf5 exf5 18.e6 Rg6 19.Rhe1 Qb4 20.Rd4 Qc5 21.e7 Bxe7 22.b4
Be4 23.Qxe4 fxe4 24.bxc5 f5 25.g3 Bxc5 26.Rc4 Rb6+ 27.Ka1 Rb4 28.Nxe4 Rxc4
29.Nd6+ Kf8 {#R} 0-1

[Event "Ch Czech Republic (juniors)"]
[Site "masterchessopen.com Decin (Czech Republic)"]
[Date "2009.02.19"]
[Round "10"]
[White "Bures Jaroslav (CZE)"]
[Black "Svoboda Vaclav (CZE)"]
[Result "0-1"]
[WhiteElo "2259"]
[BlackElo "2256"]

1.e4 c5 2.Nf3 Nc6 3.d4 cxd4 4.Nxd4 Nf6 5.Nc3 d6 6.Bg5 Bd7 7.Qd2 Rc8 8.Nb3 a6
9.O-O-O e6 10.Kb1 h6 11.Be3 b5 12.f3 Ne5 13.Bd3 Nc4 14.Bxc4 Rxc4 15.Ne2 Qc7
16.Bd4 e5 17.Bc3 d5 18.Na5 d4 19.Nxc4 dxc3 20.Nxc3 bxc4 21.Nd5 Nxd5 22.Qxd5
Be7 23.f4 exf4 24.Rd4 Be6 25.Qa8+ Bc8 26.Qd5 O-O 27.Qxc4 Qb8 28.e5 Qxe5
29.Rxf4 Bf6 30.c3 Be6 31.Qd4 {#R} 0-1

[Event "Ch Club MEPHI (1 liga)"]
[Site "masterchessopen.com Moscow (Russia)"]
[Date "2009.02.25"]
[Round "12"]
[White "Glotov Mikhail (RUS)"]
[Black "Ilyushenkov Viatcheslav K (RUS)"]
[Result "1-0"]
[WhiteElo "2363"]
[BlackElo "2281"]

1.e4 c5 2.Nf3 d6 3.d4 cxd4 4.Nxd4 Nf6 5.Nc3 Nc6 6.Bg5 Bd7 7.Qd2 Rc8 8.f4 Nxd4
9.Qxd4 Qa5 10.e5 dxe5 11.fxe5 Rxc3 12.bxc3 Ne4 13.Qxe4 Qxc3+ 14.Kf2 Qxa1
15.Bb5 Qb2 16.Bxd7+ Kxd7 17.Rd1+ Ke8 18.Qa4+ b5 19.Qe4 f5 20.Qxf5 Qc3 21.e6
{#r} 1-0

[Event "It (open)"]
[Site "masterchessopen.com Edinburgh (Scotland)"]
[Date "2009.04.04"]
[Round "3"]
[White "Arakhamia-Grant Ketevan (SCO)"]
[Black "Ferry Edward (SCO)"]
[Result "1-0"]
[WhiteElo "2506"]
[BlackElo "2000"]

1.e4 c5 2.Nf3 d6 3.d4 cxd4 4.Nxd4 Nf6 5.Nc3 Bd7 6.Bg5 Nc6 7.Qd2 a6 8.O-O-O b5
9.f3 e6 10.Nxc6 Bxc6 11.Qe1 Be7 12.h4 Rc8 13.Bd3 Qc7 14.Kb1 O-O 15.g4 e5
16.Bxf6 Bxf6 17.g5 Bd8 18.Nd5 Qd7 19.Ne3 f5 20.Nxf5 Rxf5 21.exf5 Bxf3 22.Be4
Bxh1 23.Qxh1 Kh8 24.Qf3 Be7 25.f6 gxf6 26.Bf5 Qc6 27.Qh5 {#r} 1-0

[Event "It (open)"]
[Site "masterchessopen.com Lenk (Switzerland)"]
[Date "2009.04.11"]
[Round "4"]
[White "Georgiadis Nico (SUI)"]
[Black "Gast Jonathan (SUI)"]
[Result "1-0"]
[WhiteElo "2085"]
[BlackElo "2226"]

1.e4 c5 2.Nf3 d6 3.d4 cxd4 4.Nxd4 Nf6 5.Nc3 Nc6 6.Bg5 Bd7 7.Qd2 a6 8.O-O-O
Nxd4 9.Qxd4 e6 10.f4 Bc6 11.Bxf6 Qxf6 12.Qe3 Be7 13.Be2 O-O 14.h4 Rfd8 15.g4
Bf8 16.g5 Qe7 17.Bc4 b5 18.Bb3 a5 19.a3 Qc7 20.Rhe1 b4 21.axb4 axb4 22.Nb1 d5
23.f5 exf5 24.exf5 Qa7 25.Qf3 Bc5 26.g6 Bf2 27.gxf7+ Kh8 28.Re6 Bd7 29.Re7
Bxh4 30.Qh5 Bxe7 31.Qxh7+ {#r} 1-0

[Event "Tournament (juniors) (under 14) (g)"]
[Site "masterchessopen.com Sielpia (Poland)"]
[Date "2009.04.30"]
[Round "5"]
[White "Iwanow Anna (POL)"]
[Black "Delekta Anna (POL)"]
[Result "1-0"]
[WhiteElo "2022"]
[BlackElo "1674"]

1.e4 c5 2.Nf3 Nc6 3.d4 cxd4 4.Nxd4 Nf6 5.Nc3 d6 6.Bg5 Bd7 7.Qd2 a5 8.a4 Qb6
9.Ndb5 Qd8 10.O-O-O Rc8 11.f4 Bg4 12.Be2 Bxe2 13.Qxe2 Nd7 14.Nxd6+ exd6
15.Bxd8 {#r} 1-0

[Event "Memorial Djalma Baptista Caiafa"]
[Site "masterchessopen.com Rio de Janeiro (Brazil)"]
[Round "5"]
[White "Vieira Icaro"]
[Black "Martins Julio Perez (ESP)"]
[Result "0-1"]
[WhiteElo "2241"]
[BlackElo "2212"]

1.e4 c5 2.Nf3 d6 3.d4 cxd4 4.Nxd4 Nf6 5.Nc3 Bd7 6.Bg5 Nc6 7.Qd2 Rc8 8.O-O-O
Nxd4 9.Qxd4 Qa5 10.f4 Rxc3 11.bxc3 e5 12.Qb4 Qxb4 13.cxb4 Nxe4 14.Bh4 g5
15.fxg5 Be7 16.Re1 Nxg5 17.Bd3 Nf3 18.gxf3 Bxh4 19.Re2 Kd8 20.Rg1 h6 21.Bc4
Bc6 22.f4 exf4 23.Bxf7 f3 24.Re6 f2 25.Rd1 Kc7 26.Rg6 Bf3 27.Rf1 Be2 28.Rxf2
Bxf2 29.Rg2 Be3+ 30.Kb2 Bf1 31.Rg3 Bd4+ 32.Kb3 Rf8 33.Bd5 Rf4 {#R} 0-1

[Event "Tournament (juniors) (under 14)"]
[Site "masterchessopen.com Sielpia (Poland)"]
[Date "2009.05.02"]
[Round "9"]
[White "Stankiewicz Pawel (POL)"]
[Black "Oszczanowski Witold (POL)"]
[Result "0-1"]
[WhiteElo "1828"]
[BlackElo "1679"]

1.e4 c5 2.Nf3 d6 3.d4 cxd4 4.Nxd4 Nf6 5.Nc3 Nc6 6.Bg5 Bd7 7.Qd2 Rc8 8.O-O-O
Nxd4 9.Qxd4 Qa5 10.Bxf6 gxf6 11.Bc4 Bg7 12.Nd5 Qc5 13.Qxc5 Rxc5 14.Bd3 Rg8
15.Kb1 Bh6 16.g3 Bg4 17.Rde1 Bd2 18.Ref1 Bf3 19.Rhg1 f5 20.b4 Rc8 21.Bb5+ Kd8
22.exf5 Rg4 23.Nf4 a5 24.Bd3 axb4 25.f6 Rg5 26.fxe7+ Kxe7 27.Bxh7 Ra5 28.Bd3
d5 29.Ne2 Bxe2 30.Bxe2 Bc3 31.Bd3 Rxa2 32.Re1+ Kf6 {#R} 0-1

[Event "It \"]
[Site "masterchessopen.com Serpukhov (Russia)"]
[Date "2009.05.05"]
[Round "9"]
[White "Matsenko Elena (RUS)"]
[Black "Gutenev Alexander (RUS)"]
[Result "0-1"]
[WhiteElo "2049"]
[BlackElo "2347"]

1.e4 c5 2.Nf3 Nc6 3.d4 cxd4 4.Nxd4 Nf6 5.Nc3 d6 6.Bg5 Bd7 7.Qd2 Rc8 8.f4 h6
9.Bh4 g5 10.fxg5 hxg5 11.Bf2 Bg7 12.Be2 Qa5 13.Nb3 Qe5 14.Bg3 Qe6 15.O-O Nxe4
16.Nxe4 Qxe4 17.Bd3 Qg4 18.Rae1 Be5 19.Bxe5 Nxe5 20.Re3 Qh5 21.h3 g4 22.Be2
Qh6 23.hxg4 Rxc2 24.Qxc2 Qxe3+ 25.Rf2 Rh1+ {#R} 0-1

[Event "Ch Spain (universities)"]
[Site "masterchessopen.com La Pineda (Spain)"]
[Date "2009.05.14"]
[Round "7"]
[White "Ibarra Jerez Jose Carlos (ESP)"]
[Black "Andres Gonzalez Ivan (ESP)"]
[Result "1-0"]
[WhiteElo "2517"]
[BlackElo "2364"]

1.e4 c5 2.Nf3 d6 3.d4 cxd4 4.Nxd4 Nf6 5.Nc3 Nc6 6.Bg5 Bd7 7.Qd2 Rc8 8.f4 Nxd4
9.Qxd4 Qa5 10.e5 dxe5 11.fxe5 e6 12.O-O-O Bc6 13.Bb5 Bxb5 14.exf6 Bc6 15.h4 g6
16.Rhe1 Bc5 17.Rxe6+ fxe6 18.f7+ Kxf7 19.Qf6+ Kg8 20.Qxe6+ Kg7 21.Rd7+ Bxd7
22.Qxd7+ Kg8 23.Qxc8+ Kg7 24.Qxb7+ Kg8 25.Qc8+ Kg7 26.Qd7+ Kg8 {#r} 1-0

[Event "Ch Chigorin Chess Club"]
[Site "masterchessopen.com St. Petersburg (Russia)"]
[Date "2009.05.24"]
[Round "5"]
[White "Martynov Pavel (RUS)"]
[Black "Nikitinyh Boris (RUS)"]
[Result "0-1"]
[WhiteElo "2033"]
[BlackElo "2226"]

1.e4 c5 2.Nf3 Nc6 3.Nc3 Nf6 4.d4 cxd4 5.Nxd4 d6 6.Bg5 Bd7 7.Qd2 h6 8.Bxf6 gxf6
9.O-O-O h5 10.Kb1 Bh6 11.Qe2 Nxd4 12.Rxd4 Bg7 13.Rd5 Qb6 14.Rxh5 Rxh5 15.Qxh5
Qxf2 16.Bc4 e6 17.Nb5 Qb6 18.Rd1 Bf8 19.Rf1 O-O-O 20.a4 a6 21.Nc3 Be8 22.h4
Be7 23.Qg4 Kb8 24.h5 Rc8 25.Bb3 Bf8 26.Qf4 Qc5 27.Rh1 Bg7 28.Qg3 Bh8 29.h6 Qe5
30.Qf3 Bc6 31.Qh3 Bxe4 32.Qe3 Bxc2+ {#R} 0-1

[Event "Memorial R.Nezhmetdinov (open)"]
[Site "masterchessopen.com Kazan (Russia)"]
[Round "1"]
[White "Beliaev Vasily (RUS)"]
[Black "Sokolov Sergei (RUS)"]
[Result "0-1"]
[WhiteElo "2054"]
[BlackElo "2363"]

1.e4 c5 2.Nf3 d6 3.d4 cxd4 4.Nxd4 Nf6 5.Nc3 Nc6 6.Bg5 Bd7 7.Qd2 Rc8 8.f4 Nxd4
9.Qxd4 Qa5 10.e5 dxe5 11.fxe5 e6 12.O-O-O Bc6 13.Nb5 Bxb5 14.exf6 g6 15.Bd2
Qa4 16.Bxb5+ Qxb5 17.Qxa7 Qc6 18.Bc3 Bc5 19.Qa5 O-O 20.a4 Qxg2 21.Rhe1 Qxh2
22.Qb5 Qg2 23.Rd7 b6 24.Qd3 h5 25.Rxe6 fxe6 26.Rg7+ Kh8 27.Rxg6 Be3+ 28.Kb1
Qh1+ 29.Ka2 Qd5+ {#R} 0-1

[Event "It (open)"]
[Site "masterchessopen.com Las Vegas (USA)"]
[Date "2009.06.05"]
[Round "1"]
[White "Friedel Joshua E (USA)"]
[Black "Kerman David J (USA)"]
[Result "1-0"]
[WhiteElo "2547"]
[BlackElo "2151"]

1.e4 c5 2.Nf3 d6 3.d4 cxd4 4.Nxd4 Nf6 5.Nc3 Nc6 6.Bg5 Bd7 7.Qd2 a6 8.O-O-O Rc8
9.f4 Nxd4 10.Qxd4 Qc7 11.Be2 h6 12.Bh4 g5 13.e5 gxh4 14.exf6 e6 15.Rhe1 d5
16.Bh5 Ba3 17.Rd3 Bc5 18.Qxd5 Qc6 19.Qxc6 Bxc6 20.Rxe6+ Kf8 21.Rxc6 bxc6
22.Ne4 Bb6 23.Rd7 Rh7 24.Bg6 fxg6 25.Rxh7 Rd8 26.c3 g5 27.fxg5 hxg5 28.Kc2 Rd5
29.c4 Rf5 {#r} 1-0

[Event "It (open)"]
[Site "masterchessopen.com Utrecht (Netherlands)"]
[Date "2009.06.07"]
[Round "5"]
[White "De Groote Ewoud (NED)"]
[Black "Bitalzadeh Ali (NED)"]
[Result "0-1"]
[WhiteElo "2206"]
[BlackElo "2434"]

1.e4 c5 2.Nf3 d6 3.d4 cxd4 4.Nxd4 Nf6 5.Nc3 Nc6 6.Bg5 Bd7 7.Qd2 Rc8 8.O-O-O
Nxd4 9.Qxd4 Qa5 10.f4 Rxc3 11.Bxf6 Rc7 12.Bh4 Qxa2 13.Bd3 Qa4 14.Qxa4 Bxa4
15.Kd2 Bc6 16.Ra1 a6 17.b4 g6 18.c4 Bh6 19.Rhf1 e5 20.Bf6 O-O 21.g3 exf4
22.gxf4 Re8 23.Rae1 Re6 24.Bh4 b5 25.Bg3 Rce7 26.cxb5 axb5 27.Kc3 Bxe4 28.Bxe4
Rxe4 29.Rxe4 Rxe4 30.f5 d5 31.Rd1 Bg7+ 32.Kb3 Re3+ 33.Kc2 Rc3+ {#R} 0-1

[Event "It (open)"]
[Site "masterchessopen.com Balatonlelle (Hungary)"]
[Date "2009.06.18"]
[Round "6"]
[White "Varga Zoltan (HUN)"]
[Black "Gara Anita (HUN)"]
[Result "1-0"]
[WhiteElo "2473"]
[BlackElo "2353"]

1.e4 c5 2.Nf3 d6 3.d4 Nf6 4.Nc3 cxd4 5.Nxd4 Nc6 6.Bg5 Bd7 7.Qd2 Rc8 8.Nb3 h6
9.Bh4 g5 10.Bg3 Nh5 11.Nd5 Bg7 12.O-O-O Nxg3 13.hxg3 O-O 14.f4 e6 15.Nc3 Nb4
16.Kb1 Rc6 17.a3 Na6 18.Nb5 Qb6 19.Nxd6 Nc5 20.Bc4 Nxe4 21.Nxe4 Rxc4 22.fxg5
Rxe4 23.gxh6 Bf6 24.Rhf1 Qe3 25.h7+ Kxh7 26.Qxd7 Kg7 27.Rf3 Qb6 28.Rxf6 Kxf6
29.Rf1+ Kg7 30.Qe7 e5 31.Nc5 Qg6 32.Nxe4 Qxe4 33.Qf6+ {#r} 1-0

[Event "It (open)"]
[Site "masterchessopen.com Eforie Nord (Romania)"]
[Date "2009.06.21"]
[Round "3"]
[White "Petrisor Adrian (ROM)"]
[Black "Murariu Andrei (ROM)"]
[Result "0-1"]
[WhiteElo "2313"]
[BlackElo "2490"]

1.e4 c5 2.Nf3 Nc6 3.d4 cxd4 4.Nxd4 Nf6 5.Nc3 d6 6.Bg5 Bd7 7.Qd2 Rc8 8.O-O-O
Nxd4 9.Qxd4 Qa5 10.Bxf6 gxf6 11.Kb1 Qc5 12.Qd2 e6 13.f4 Be7 14.g3 b5 15.Bg2 b4
16.Ne2 a5 17.Rhf1 h5 18.f5 e5 19.Nc1 Bf8 20.Rf3 Bh6 21.Qf2 Ke7 22.Qxc5 dxc5
23.Rfd3 Bb5 24.Rd5 Be3 25.Bf1 Bc6 26.R5d3 Bd4 27.Re1 Bf2 28.Red1 c4 29.Rf3 Bd4
30.Re1 Ba8 31.Bg2 Rhg8 32.Bh3 Rcd8 33.Rff1 a4 34.Re2 Bc6 35.Rf3 a3 36.b3 Bb5
37.bxc4 Bxc4 38.Nd3 Bc3 39.Ref2 b3 {#R} 0-1

[Event "Ch Poland (team) (juniors) (1 liga)"]
[Site "masterchessopen.com Chotowa (Poland)"]
[Round "5"]
[White "Pietruszewski Marcin (POL)"]
[Black "Grzeskow Adrian (POL)"]
[Result "0-1"]
[WhiteElo "2037"]
[BlackElo "1741"]

1.e4 c5 2.Nf3 Nc6 3.d4 cxd4 4.Nxd4 Nf6 5.Nc3 d6 6.Bg5 Bd7 7.Qd2 Rc8 8.Nxc6
Bxc6 9.f3 Qa5 10.O-O-O h6 11.Bxf6 gxf6 12.Kb1 Bg7 13.Bd3 Bd7 14.f4 Bg4 15.Rde1
f5 16.e5 dxe5 17.fxe5 Rc5 18.h3 Bh5 19.g4 fxg4 20.hxg4 Bxg4 21.Qf4 Be6 22.b4
Qa3 23.Qd4 Rc8 24.Bb5+ Kf8 25.Re3 Bc4 26.Bxc4 Qxb4+ 27.Kc1 Qxc4 28.Qxc4 Rxc4
29.Rd1 e6 30.Rd7 Bxe5 31.Rxe5 Rxc3 32.Rxb7 Ra3 33.Kb2 Ra6 {#R} 0-1

[Event "Ch Poland (team) (juniors) (1 liga)"]
[Site "masterchessopen.com Chotowa (Poland)"]
[Round "4"]
[White "Strzelczyk Anna (POL)"]
[Black "Starczewska Dominika (POL)"]
[Result "0-1"]
[WhiteElo "1842"]
[BlackElo "1838"]

1.e4 c5 2.Nf3 Nc6 3.d4 cxd4 4.Nxd4 Nf6 5.Nc3 d6 6.Bg5 Bd7 7.Qd2 Rc8 8.O-O-O
Nxd4 9.Qxd4 Qa5 10.Bxf6 gxf6 11.Kb1 Qc5 12.Qd2 f5 13.Bd3 Bg7 14.Nd5 h6 15.f4
Be6 16.Qb4 Qxb4 17.Nxb4 fxe4 18.Bb5+ Kf8 19.c3 Rc5 20.Be2 f5 21.Nc2 Rg8 22.g3
Bf6 23.Ne3 a5 24.Rd2 Kg7 25.Rg1 Kh7 26.Rgd1 Rgc8 27.Nd5 Kg6 28.a3 Bf7 29.Nb6
Re8 30.Na4 Rc7 31.Nb6 Bb3 32.Rc1 e6 33.c4 Rc6 34.c5 {#R} 0-1

[Event "Cup Volga (cat.1)"]
[Site "masterchessopen.com Kostroma (Russia)"]
[Date "2009.07.04"]
[Round "3"]
[White "Bezgodova Maria (RUS)"]
[Black "Korneevets Alexander (BLR)"]
[Result "0-1"]
[WhiteElo "2123"]
[BlackElo "2308"]

1.e4 c5 2.Nf3 d6 3.d4 cxd4 4.Nxd4 Nf6 5.Nc3 Nc6 6.Bg5 Bd7 7.Qd2 Rc8 8.f4 Nxd4
9.Qxd4 Qa5 10.O-O-O Rxc3 11.bxc3 e5 12.Qe3 Ng4 13.Qf3 h6 14.Bh4 exf4 15.h3 Ne3
16.Re1 Qxc3 17.Bd3 d5 18.Rxe3 Qa1+ 19.Kd2 fxe3+ 20.Ke2 Qxh1 21.exd5 Bd6
22.Qxe3+ Kf8 23.Qf3 Qh2 24.Bg6 Qe5+ 25.Kd1 Qd4+ 26.Kc1 Qf4+ {#R} 0-1

[Event "It (open)"]
[Site "masterchessopen.com Techirghiol (Romania)"]
[Date "2009.07.05"]
[Round "9"]
[White "Malureanu Costin George (ROM)"]
[Black "Mihailov Iulian (ROM)"]
[Result "1-0"]
[WhiteElo "2049"]
[BlackElo "2083"]

1.e4 c5 2.Nf3 Nc6 3.d4 cxd4 4.Nxd4 Nf6 5.Nc3 d6 6.Bg5 Bd7 7.Qd2 Rc8 8.f4 Nxd4
9.Qxd4 Qa5 10.O-O-O Rxc3 11.Bxf6 Rc7 12.Bh4 Qxa2 13.e5 Qa1+ 14.Kd2 Qa5+ 15.c3
dxe5 16.fxe5 e6 17.Bd3 Qa2 18.c4 Bc5 19.Qc3 Qa4 20.Ke2 Bb4 21.Bc2 Qa5 22.Qd4
Qc5 23.Ba4 Qxd4 24.Rxd4 Be7 25.Rxd7 Rxd7 26.Rd1 Bxh4 27.Rxd7 O-O 28.Rxb7 h6
29.c5 Bg5 30.Kd3 Rd8+ 31.Ke4 f5+ 32.exf6 gxf6 33.Bd7 f5+ 34.Ke5 Be7 {#r} 1-0

[Event "It (open)"]
[Site "masterchessopen.com Avoine (France)"]
[Date "2009.07.19"]
[Round "2"]
[White "Menager Erwan (FRA)"]
[Black "Lukasiewicz Grzegorz (POL)"]
[Result "0-1"]
[WhiteElo "2072"]
[BlackElo "2259"]

1.e4 c5 2.Nf3 Nc6 3.d4 cxd4 4.Nxd4 Nf6 5.Nc3 d6 6.Bg5 Bd7 7.Qd2 Qa5 8.Nb3 Qc7
9.f4 e6 10.Bd3 Be7 11.O-O h6 12.Bxf6 Bxf6 13.Kh1 a6 14.Rae1 O-O 15.Nd1 Rad8
16.c3 Na5 17.Nd4 Nc4 18.Qe2 b5 19.b3 Nb6 20.e5 dxe5 21.fxe5 Be7 22.Qe4 g6
23.Re3 Be8 24.Rg3 Qd7 25.Qg4 Nd5 26.Rxf7 Bxf7 27.Bxg6 Bg5 28.Qh5 Nf4 {#R} 0-1

[Event "It (open)"]
[Site "masterchessopen.com Avoine (France)"]
[Date "2009.07.20"]
[Round "3"]
[White "Tirard Hugo (FRA)"]
[Black "Fourcand Pierre (FRA)"]
[Result "1-0"]
[WhiteElo "2434"]
[BlackElo "1989"]

1.e4 c5 2.Nf3 Nc6 3.d4 cxd4 4.Nxd4 Nf6 5.Nc3 d6 6.Bg5 Bd7 7.Qd2 Rc8 8.O-O-O
Nxd4 9.Qxd4 Qa5 10.Bxf6 gxf6 11.Kb1 Qc5 12.Qd2 e6 13.h4 b5 14.a3 a5 15.Qd4 b4
16.Qxc5 dxc5 17.Bb5 Bc6 18.Bxc6+ Rxc6 19.Nb5 Be7 20.Rd2 Rg8 21.f3 Rg3 22.Rhd1
Rb6 23.a4 Rc6 24.Rd7 Rxg2 25.Na7 {#r} 1-0

[Event "It (open)"]
[Site "masterchessopen.com Senta (Serbia)"]
[Date "2009.07.21"]
[Round "5"]
[White "Csirik Andras (HUN)"]
[Black "Zivkovic Nemania (SRB)"]
[Result "1-0"]
[WhiteElo "2281"]
[BlackElo "2132"]

1.e4 c5 2.Nf3 d6 3.d4 cxd4 4.Nxd4 Nf6 5.Nc3 Bd7 6.Bg5 Nc6 7.Qd2 Nxd4 8.Qxd4
Qa5 9.f4 Rc8 10.e5 dxe5 11.fxe5 e6 12.O-O-O Bc6 13.Bb5 Nd5 14.Nxd5 Bxb5
15.Qxa7 Bb4 16.Qxb7 O-O 17.Nxb4 Qxb4 18.Qf3 Ba4 19.Rd2 Qa5 20.Be7 Rfe8 21.Bd6
Bc6 22.Qa3 Qd8 23.Qb4 Qg5 24.Kb1 Qf5 25.Re1 Bd5 26.b3 Rc6 27.Kb2 Rec8 28.Ree2
{#r} 1-0

[Event "It (open)"]
[Site "masterchessopen.com Charleroi (Belgium)"]
[Date "2009.07.25"]
[Round "1"]
[White "Atienza Hilario (BEL)"]
[Black "Dgebuadze Alexandre (BEL)"]
[Result "0-1"]
[WhiteElo "1862"]
[BlackElo "2516"]

1.e4 c5 2.Nf3 Nc6 3.d4 cxd4 4.Nxd4 Nf6 5.Nc3 d6 6.Bg5 Bd7 7.Qd2 h6 8.Bh4 g5
9.Bg3 Nh5 10.O-O-O Bg7 11.Nf5 Bxf5 12.exf5 Qa5 13.Bc4 Bxc3 14.Qxc3 Qxc3
15.bxc3 Kf8 16.Bd5 Rc8 17.Kb2 Kg7 18.Rd3 Kf6 19.f4 Nxf4 20.Bxf4 gxf4 21.Rf1
Ne5 22.Rd4 Rc5 23.Rfxf4 b5 24.Rh4 Kxf5 25.Rdf4+ Kg6 26.Be4+ Kg7 27.Rh3 Rc4
28.Rfh4 e6 29.Rg3+ Kf8 30.Rgh3 Rg8 31.Bf3 Rxh4 32.Rxh4 Rg6 33.Bb7 Nc4+ 34.Kc1
d5 35.g3 Rf6 36.Kd1 Rf1+ 37.Ke2 Rc1 {#R} 0-1